Závislosť hrubej produkcie viacročných krmovín od výšky nákladov na hnojenie

Bibliographic Details
Main Author: Vaškovský, Pavel (Author)
Format: Article
Language:Slovak
PhysicalDescription:Obr. 3. Res. angl.
Subjects:

MARC

LEADER 00000nab a2200000 a 4500
001 vtls000018128
003 SK-MaSNL
005 20260304062357.0
008 250422c1978 xo 0 slo
015 |a SNBRB19rr/mm-uuuuu 
035 |a CL0028222 
035 |a urn:nbn:sk:snk-ab1hwo 
035 |a (urnnbn)urn:nbn:sk:snk:ar-003v64 
035 |a (uuid)84281a00-2332-41a4-90d7-98d775a6978a 
040 |a SNKBUCL  |b slo  |c SNKBUCL  |e AACR2 
041 0 |a slo 
044 |a xo  |c SK 
080 |a 633.2/.3  |2 1981 
080 |a 631.8  |2 1981 
080 |a 631.1  |2 1981 
080 |a 338.5  |2 1981 
100 1 |a Vaškovský, Pavel  |4 aut  |9 5613 
245 1 0 |a Závislosť hrubej produkcie viacročných krmovín od výšky nákladov na hnojenie  |c Pavel Vaškovský 
300 |b Obr. 3. Res. angl. 
650 0 7 |a viacročné krmoviny  |2 snkbucl  |9 79190 
650 0 7 |a hnojivá  |2 snkbucl  |9 15432 
655 7 |a články z novín a časopisov  |2 snkbucl  |9 267496 
773 0 |t Poľnohospodárstvo  |g Roč. 24, č. 10 (1978), s. 910-915 
850 |a Slovenská národná knižnica 
852 |a Slovenská národná knižnica 
954 |a odborná, vedecká literatúra pôvodná (slovenská)  |2 lita 
958 |a article27 
958 |a RK 
958 |a OND 
958 |a EUIPO 
992 |a RBX 
999 |c 2737813  |d 2739743